Jabez Fitch journals, (Record no. 43310)

MARC details
000 -LEADER
fixed length control field 01038cpmaa2200277 4500
001 - CONTROL NUMBER
control field mm 81092098
003 - CONTROL NUMBER IDENTIFIER
control field DLC
005 - DATE AND TIME OF LATEST TRANSACTION
control field 20260227111710.0
008 - FIXED-LENGTH DATA ELEMENTS--GENERAL INFORMATION
fixed length control field 810324|||||||||||| eng
010 ## - LIBRARY OF CONGRESS CONTROL NUMBER
LC control number mm 81092098
040 ## - CATALOGING SOURCE
Original cataloging agency DLC
Transcribing agency DLC
Description conventions dacs
Modifying agency DLC
072 #7 - SUBJECT CATEGORY CODE
Subject category code C
Source lcmd
100 1# - MAIN ENTRY--PERSONAL NAME
Personal name Fitch, Jabez,
Dates associated with a name 1737-1812.
245 00 - TITLE STATEMENT
Title Jabez Fitch journals,
Inclusive dates 1775.
300 ## - PHYSICAL DESCRIPTION
Extent 1
Type of unit item.
300 ## - PHYSICAL DESCRIPTION
Extent 1
Type of unit container.
506 0# - RESTRICTIONS ON ACCESS NOTE
Terms governing access Open to research.
520 8# - SUMMARY, ETC.
Summary, etc. Journals of Lt. Jabez Fitch, Jr., Capt. Jewett's Company, Col. Jedediah Huntington's 8th Connecticut Regt. (1775 August 5-December 13).
545 0# - BIOGRAPHICAL OR HISTORICAL DATA
Biographical or historical data Army officer.
546 ## - LANGUAGE NOTE
Language note Collection material in English.
600 10 - SUBJECT ADDED ENTRY--PERSONAL NAME
Personal name Huntington, Jedediah,
Dates associated with a name 1743-1818.
610 10 - SUBJECT ADDED ENTRY--CORPORATE NAME
Corporate name or jurisdiction name as entry element United States.
Subordinate unit Army.
-- Connecticut Infantry Regiment, 8th.
656 #7 - INDEX TERM--OCCUPATION
Occupation Army officers.
Source of term itoamc

No items available.

Powered by Koha